000 00537cam a2200217 4500
001 B1435
008 090401t1987 xxu||||| |||| 00| 0 eng d
035 _a(Sirsi) u44399
041 _aeng
050 _a346.410435
100 _aParker, R.R.
245 _aPrivate underground pipelines and cables
260 _aLondon
_bCountry Landowners Association
_c1987
300 _a6p. ; 21cm.
350 _a0
490 _aCLA Publication
_vA14/87
650 _aCOMPENSATION
650 _aEASEMENTS
942 _n0
948 _c04/03/1997
999 _c91515
_d91515